000 00230nam a2200097Ia 4500
008 240331s9999 xx 000 0 und d
082 _bPAN
100 _aPandey, V.P
245 0 _aProblems of women's marriage and violence
942 _cL
999 _c2194
_d2194